000 00501nam a2200181Ia 4500
001 12047
005 20260306162913.0
008 260306t2020||||xx |||||||||||||| ||spa||
041 _aESP
082 _aHR 340
_bDIC 2020 DJ
110 _aGaceta Jurídica
245 0 _aDiálogo con la jurisprudencia:
_bactualidad jurisprudencial para jueces, fiscales y abogados litigantes
260 _c2020
300 _a247 páginas :
_c25 cm.
650 _aGEN
654 _aCDE
942 _cREV
_dJUS
_fJUS
_2ddc
_n
999 _c12047
_d12047